000 00785nam a2200325Ia 4500
008 210210b2007 xxu||||| |||| 00| 0 eng d
020 _a9788126908714
041 _aeng
082 _a820.209 TIWC
100 _aTIWARI (Shubha)
245 _aContemporary Indian dramatists
260 _aND
_bAtlantic Publisher & Distributors
_c2007
300 _ax,128
650 _aVijay Tendulkar
650 _aTughlaq
650 _aSilence
650 _aRain
650 _aNissim Ezekiel
650 _aIndian
650 _aHayavadana
650 _aGirish Karnad
650 _aGhasiram Kotwal
650 _aFire
650 _adramatists
650 _aContemporary
650 _aBharata
650 _aAesthetics
690 _aIndian English Criticism
906 _a062929
999 _c130677
_d130677